The Lord is my counsel : (Record no. 5423)
[ view plain ]
| 000 -LEADER | |
|---|---|
| fixed length control field | 00625nam a2200205u 4500 |
| 001 - CONTROL NUMBER | |
| control field | 783007 |
| 003 - CONTROL NUMBER IDENTIFIER | |
| control field | OSt |
| 005 - DATE AND TIME OF LATEST TRANSACTION | |
| control field | 20190103184416.0 |
| 008 - FIXED-LENGTH DATA ELEMENTS--GENERAL INFORMATION | |
| fixed length control field | 740125c19671966nju 000 0 eng u |
| 040 ## - CATALOGING SOURCE | |
| Transcribing agency | DLC |
| 082 ## - DEWEY DECIMAL CLASSIFICATION NUMBER | |
| Classification number | 248.88 |
| Item number | W119L |
| 090 ## - LOCALLY ASSIGNED LC-TYPE CALL NUMBER (OCLC); LOCAL CALL NUMBER (RLIN) | |
| Classification number (OCLC) (R) ; Classification number, CALL (RLIN) (NR) | BV4596.B8 |
| Local cutter number (OCLC) ; Book number/undivided call number, CALL (RLIN) | W3 |
| 100 1# - MAIN ENTRY--PERSONAL NAME | |
| Personal name | Wade, Marion E |
| 245 14 - TITLE STATEMENT | |
| Title | The Lord is my counsel : |
| Remainder of title | a businessman's personal experiences with the Bible / |
| Statement of responsibility, etc. | by Marion E. Wade with Glenn D. Kittler |
| 260 ## - PUBLICATION, DISTRIBUTION, ETC. | |
| Place of publication, distribution, etc. | Englewood Cliffs, NJ : |
| Name of publisher, distributor, etc. | Prentice-Hall, |
| Date of publication, distribution, etc. | [1967, c1966] |
| 300 ## - PHYSICAL DESCRIPTION | |
| Extent | ix, 178 p. ; |
| Dimensions | 21 cm |
| 650 #0 - SUBJECT ADDED ENTRY--TOPICAL TERM | |
| Topical term or geographic name entry element | Businessmen |
| General subdivision | Religious life |
| 700 10 - ADDED ENTRY--PERSONAL NAME | |
| Personal name | Kittler, Glenn D |
| 942 ## - ADDED ENTRY ELEMENTS (KOHA) | |
| Source of classification or shelving scheme | Dewey Decimal Classification |
| Koha item type | Books |
| Withdrawn status | Lost status | Source of classification or shelving scheme | Damaged status | Not for loan | Collection code | Home library | Current library | Shelving location | Date acquired | Cost, normal purchase price | Total Checkouts | Full call number | Barcode | Date last seen | Price effective from | Koha item type |
|---|---|---|---|---|---|---|---|---|---|---|---|---|---|---|---|---|
| Dewey Decimal Classification | Non-fiction | Harvest Mission College | Harvest Mission College | General Stacks | 03.01.2019 | 850.00 | 248.88 W119L | 006192 | 03.01.2019 | 03.01.2019 | Books |
